000 01102nam0a2200325 4500
001 RU\NLR\BIBL_A\011784535
005 20180924140307.0
010 _a978-5-17-110500-6
_93500
021 _aRU
_bКН-П-18-057115
_9КН-П-18-4118
035 _a(NLR Aleph) 011784535
035 _a(RuMoRGB)009704557
090 _a11793839
_c11793839
100 _a20180907d2018 u y0rusy50 ca
101 1 _arus
_ceng
102 _aRU
105 _ay z 000zy
200 1 _aГоспожа его сердца
_e[роман]
_fДженнифер Деламир
_g[перевод с английского И. А. Франк-Каменецкой]
210 _aМосква
_cАСТ
_d2018
215 _a318, [1] с.
_d17
225 1 _aМини-Шарм
225 1 _aШарм
333 _a16+
686 1 _aШ6(7США)67-440.4(Лх1979-50)
700 1 _7ca
_8rus
_aДеламир
_bД.
_gДженнифер
_9149984
_3RU\NLR\AUTH\770150020
942 _cBOOK
980 _aNBR
980 _aNB